LEADER 00961nam a2200241 i 4500 001 000000245070 003 CaOOAMICUS 005 20150917000000.0 008 150917s1932 it u000 u ita u 013 $a223975 040 $aSeMil$bita 100 1 $aRota, Carlo Massimo.$0(OLS)http://semarc/name/21021 245 10$aMemorie storiche di Greco Milanese /$cCarlo Massimo Rota. 260 $aMilano :$bScuola Tipografica Salesiana,$c1932. 300 $a116 p., [2] c. di tav. ;$c25 cm. 500 $aFondo card. Giovanni Colombo. 650 4$aMilano - Rioni e quartieri - Greco.$0(OLS)http://semarc/subject/9044 850 $aSeMil 852 $aSeMil$W1$xVenegono$y1$m3GC V 272$j195416$B195416$CSeMilBibl$Z2$F206090 $8B 941 1 $a3 961 $aLascito: Colombo Card. Giovanni 996 $6245$aMemorie storiche di Greco Milanese$9(OLS)http://semarc/title/61917 996 $6260$aMilano :$bScuola Tipografica Salesiana$9(OLS)http://semarc/publisher/40318 LEADER 00993nam a2200229 i 4500 001 000000127492 003 CaOOAMICUS 005 20040618000000.0 008 040618s1933 it u000 u ita u 013 $a100202 040 $aSeMil$bita 100 1 $aZanella, Giacomo,$d<1820-1888>.$0(OLS)http://semarc/name/7680 245 10$aPoesie /$cdi Giacomo Zanella ; prima edizione completa con un saggio sul poeta di Arturo Graf , nuova tiratura riveduta. 260 $aFirenze :$bLe Monnier,$cstampa 1933. 300 $aXLV, 530 p., [1] p. di ritratto ;$c19 cm. 650 4$aPoesia italiana - Sec. 19.$0(OLS)http://semarc/subject/1274 700 1 $aGraf, Arturo,$c<1848-1913>.$0(OLS)http://semarc/name/7681 850 $aSeMil 852 $aSeMil$W1$xVenegono$y1$m152 40 *$j81790$B81790$CSeMilBibl$Z2$F83962 $81 961 $aRecupero: Biblioteca Seminario Liceale 996 $6245$aPoesie$9(OLS)http://semarc/title/2285 996 $6260$aFirenze :$bLe Monnier$9(OLS)http://semarc/publisher/30060